| 000 | 00919nas a2200289 4500 | ||
|---|---|---|---|
| 001 | BR8708204 | ||
| 003 | BR-BrBNA | ||
| 005 | 20231205091004.0 | ||
| 007 | ta | ||
| 008 | 230509b bl.|||p| |||| 00| 00por d | ||
| 040 |
_aBR-BrBNA _bpor _cBiblioteca Nacional de Agricultura |
||
| 041 | _a(Pt) | ||
| 072 | _aQ02 | ||
| 100 | 1 | _aFigueiredo, R.W. de | |
| 100 | 1 | _aMaia, G.A. | |
| 100 | 1 | _aHolanda, L.F.F. de | |
| 100 | 1 | _aMonteiro, J.C.S. | |
| 100 | 1 | _aTeixeira, E.A.M. | |
| 245 | 1 | _aEstudo do processamento e estabilidade da geleia de jenipapo (Genipa americana L.) | |
| 246 | 1 | _aStudy of processing and shelf-life of the jelly of jenipap (Genipa americana L.) | |
| 650 | _aJENIPAPO | ||
| 650 | _aGELEIA | ||
| 650 | _aPROCESSAMENTO | ||
| 773 | 0 |
_tCiencia Agronomica (Brazil) _xISSN 0045-6888 _g(Jun 1986), v. 17(1) p. 117-123 _wBR8708204 |
|
| 909 |
_a202311 _bLúcia _c55 _dLúcia Elande |
||
| 942 |
_2AGRIS _n0 _cANA |
||
| 999 |
_c122061 _d122061 |
||